|
|
|
|
| LEADER |
00000nab a2200000 a 4500 |
| 001 |
vtls000583149 |
| 003 |
SK-MaSNL |
| 005 |
20260304100623.0 |
| 008 |
250425c1996 xo 0 slo |
| 015 |
|
|
|a SNBRB19rr/mm-uuuuu
|
| 035 |
|
|
|a CL0583288
|
| 035 |
|
|
|a urn:nbn:sk:snk-abephk
|
| 035 |
|
|
|a (urnnbn)urn:nbn:sk:snk:ar-0071fz
|
| 035 |
|
|
|a (uuid)dd05f37a-d257-464a-87d1-27a512d8dc40
|
| 040 |
|
|
|a SNKBUCL
|b slo
|c SNKBUCL
|e AACR2
|
| 041 |
0 |
|
|a slo
|
| 044 |
|
|
|a xo
|c SK
|
| 080 |
|
|
|a 799.1:639.2
|2 1981
|
| 080 |
|
|
|a 639.2
|2 1981
|
| 100 |
1 |
|
|a M.B.
|4 aut
|9 470588
|
| 245 |
1 |
0 |
|a Začíname loviť (4)
|c M.B.
|
| 300 |
|
|
|b Obr. 4
|
| 500 |
|
|
|a Pokračovanie
|
| 650 |
0 |
7 |
|a športový rybolov
|2 snkbucl
|9 2839
|
| 655 |
|
7 |
|a články z novín a časopisov
|2 snkbucl
|9 267496
|
| 773 |
0 |
|
|t Poľovníctvo a rybárstvo
|g Roč. 48, č. 4 (1996), s. 36-37
|x 0231-8768
|
| 850 |
|
|
|a Slovenská národná knižnica
|
| 852 |
|
|
|a Slovenská národná knižnica
|
| 958 |
|
|
|a article27
|
| 958 |
|
|
|a OND
|
| 958 |
|
|
|a RK
|
| 992 |
|
|
|a RBX
|
| 999 |
|
|
|c 2838913
|d 2840843
|